| Tag |
First Indicator |
Second Indicator |
Subfields |
| LEADER |
00000cam a2200000Ii 4500 |
| 001 |
in00004643321 |
| 008 |
210930t20222022enkabf b 000 0 eng d |
| 005 |
20250318222041.1 |
| 019 |
|
|
|a 1269483302
|
| 020 |
|
|
|a 9781915070630
|
| 020 |
|
|
|a 1915070635
|q (paperback)
|
| 035 |
|
|
|a (OCoLC)on1269618320
|
| 035 |
|
|
|a (OCoLC)1269618320
|z (OCoLC)1269483302
|
| 040 |
|
|
|a YDX
|b eng
|e rda
|c YDX
|d NLMVD
|d YDX
|
| 050 |
|
4 |
|a DS557.7
|b .P66 2022
|
| 082 |
0 |
4 |
|a 959.7043
|2 23
|
| 100 |
1 |
|
|a Poole, Darren,
|e author.
|
| 245 |
1 |
0 |
|a Hunting the Viet Cong :
|b the counterinsurgency campaign in South Vietnam 1961-1963.
|n Volume 1,
|p The Strategic Hamlet Programme /
|c Darren Poole.
|
| 264 |
|
1 |
|a Warwick :
|b Helion and Company,
|c [2022]
|
| 264 |
|
4 |
|c ©2022
|
| 300 |
|
|
|a 86 pages, x pages of plates :
|b illustrations (some color), maps (some color) ;
|c 30 cm.
|
| 336 |
|
|
|a text
|b txt
|2 rdacontent
|
| 336 |
|
|
|a still image
|b sti
|2 rdacontent
|
| 336 |
|
|
|a cartographic image
|b cri
|2 rdacontent
|
| 337 |
|
|
|a unmediated
|b n
|2 rdamedia
|
| 338 |
|
|
|a volume
|b nc
|2 rdacarrier
|
| 490 |
1 |
|
|a Asia@War ;
|v No. 34
|
| 504 |
|
|
|a Includes bibliographical references.
|
| 520 |
|
|
|a "This book examines both the Counterinsurgency Plan and the Strategic Hamlet Programme (based upon British success in the Malayan Emergency) and explains how these began to strangle insurgent activity. In many parts of South Vietnam, the VC were reduced to scavenging and intimidating the local people in order to survive. Tragically, this was a period when victory against the VC was possible but political ineptness, arrogance and military delusion threw this chance away. Using documents captured from the Viet Cong, VC prisoner interviews and American military reports the book reveals just how close the insurgents came to being beaten. It contradicts and challenges many of the assumed notions of this time period; it reveals just how much American planners knew about Viet Cong methods, shows how they developed an excellent counterinsurgency strategy to combat insurgent violence and illustrates how - in contrast to the established wisdom - large parts of South Vietnam were under government control before the Diem coup in 1963."
|
| 650 |
|
0 |
|a Vietnam War, 1961-1975
|x Campaigns.
|
| 830 |
|
0 |
|a Asia@War ;
|v v. 34.
|
| 852 |
8 |
|
|b pda,print
|z This title is available for the library to purchase for your use. Click the "Purchase It For Me" button to place a request. This item may take 5-10 business days to arrive.
|
| 955 |
|
|
|a Print PDA title
|
| 999 |
f |
f |
|s 5cfe2457-1f45-44d5-87a7-411f24f97634
|i 4882d8de-8c03-49dc-a29f-579cb60152bf
|t 0
|
| 952 |
f |
f |
|a Texas A&M University
|b College Station
|c Sterling C. Evans Library
|d Purchase on Demand
|t 0
|e DS557.7 .P66 2022
|h Library of Congress classification
|
| 998 |
f |
f |
|a DS557.7 .P66 2022
|t 0
|l Purchase on Demand
|